Dictateurs d’Europe en images - Statistiques

Statistiques générales
  • Ce quiz a été pris 364 fois
  • Le résultat moyen est 5 sur 10
Statistiques - réponses
Par images Réponse % Correct
Adolphe Hitler
98%
Joseph Staline
97%
Benito Musssolini
90%
Francisco Franco
66%
Josip Broz Tito
46%
Alexandre Loukachenko
30%
Nicolae Ceausescu
22%
Slobodan Milošević
18%
Enver Hoxha
12%
Antonio de Oliveira Salazar
7%
Aucun quiz correspondant
Distribution des résultats
% des personnes avec chaque résultat
Percentile par nombre de réponses
Votre historique - résultats
Vous n’avez pas pris ce quiz